Law and economics / (Record no. 76608)

MARC details
000 -LEADER
fixed length control field 00737nam a22002177a 4500
005 - DATE AND TIME OF LATEST TRANSACTION
control field 20130612125808.0
010 ## - LCCN (DPL NO)
LC control number ENG-107589-90
020 ## - INTERNATIONAL STANDARD BOOK NUMBER
International Standard Book Number 9788132110095
Terms of availability 1500.00(set of 2 vol.)
035 ## - SYSTEM CONTROL NUMBER
System control number EN-91122-23
037 ## - SOURCE OF ACQUISITION
Source of stock number/acquisition DBAD/PUB
100 ## - MAIN ENTRY--PERSONAL NAME
Personal name Gangopadhyay, Shubhashis
245 ## - TITLE STATEMENT
Title Law and economics /
Statement of responsibility, etc by Shubhashis Gangopadhyay [and] V. Santhakumar
260 ## - PUBLICATION, DISTRIBUTION, ETC. (IMPRINT)
Place of publication, distribution, etc New Delhi
Name of publisher, distributor, etc Sage Publications
Date of publication, distribution, etc 2011
270 ## - ADDRESS
Address B1/I-1 Mohan Cooperative Industrial Area Mathura Road
City New Delhi
Postal code 110044
300 ## - PHYSICAL DESCRIPTION
Extent 2V.(xii,174p.;xxi,198p.)
Dimensions 23cm(Hb)
490 ## - SERIES STATEMENT
Series statement Sage Law
500 ## - GENERAL NOTE
General note Includes bibliographical references and index
505 ## - FORMATTED CONTENTS NOTE
Formatted contents note V.1-Theory;V.2-Practice
700 ## - ADDED ENTRY--PERSONAL NAME
Dates associated with a name Santhakumar, V
942 ## - ADDED ENTRY ELEMENTS (KOHA)
Source of classification or shelving scheme Dewey Decimal Classification
Item type English Books
Call number suffix 343.5407 GAN
Holdings
Withdrawn status Lost status Not for loan Collection code Home library Current library Date acquired Source of acquisition Cost, normal purchase price Full call number Barcode Copy number Cost, replacement price Koha item type
    Not For Loan Non-fiction D.B.Act.Division D.B.Act.Division 12/06/2013 DBAD / PUB 1500.00 343.5407 GAN EN-91122 1 1500.00 English Books
    Not For Loan Non-fiction D.B.Act.Division D.B.Act.Division 12/06/2013 DBAD / PUB 1500.00 343.5407 GAN EN-91123 1 1500.00 English Books

© Delhi Public Library
Hit Counter
free hit counter